书目信息 |
| 题名: |
推恩令
|
|
| 作者: | 刘希 著 | |
| 分册: | ||
| 出版信息: | 北京 台海出版社 2024.08 |
|
| 页数: | 175页 | |
| 开本: | 24cm | |
| 丛书名: | ||
| 单 册: | ||
| 中图分类: | D691.74 | |
| 科图分类: | ||
| 主题词: | 政治斗争--中国--汉代 | |
| 电子资源: | ||
| ISBN: | 978-7-5168-3939-3 | |
| 000 | 00796nam0 2200241 450 | |
| 001 | 012756868 | |
| 005 | 20251022164919.95 | |
| 010 | @a978-7-5168-3939-3@dCNY59.00 | |
| 100 | @a20241009d2024 em y0chiy0120 ea | |
| 101 | 0 | @achi |
| 102 | @aCN@b110000 | |
| 105 | @ay z 000yy | |
| 106 | @ar | |
| 200 | 1 | @a推恩令@9tui en ling@e千古阳谋的真相@f刘希著 |
| 210 | @a北京@c台海出版社@d2024.08 | |
| 215 | @a175页@d24cm | |
| 300 | @a青蓝 | |
| 330 | @a本书用历史资料和分析,为读者呈现真实的推恩令。从汉初的分封制到诸侯王的权力斗争,从文景之治的繁荣到七国之乱的动荡,书中一一梳理,层层剖析,让读者领略到古代政治斗争的复杂与精彩。 | |
| 606 | 0 | @a政治斗争@y中国@z汉代 |
| 690 | @aD691.74@v5 | |
| 701 | 0 | @a刘希@9liu xi@4著 |
| 801 | 0 | @aCN@c20250905 |
| 905 | @a河南城建学院图书馆@dD691@eL693@ZL693@f1 | |
| 推恩令:千古阳谋的真相/刘希著.-北京:台海出版社,2024.08 |
| 175页;24cm |
| 青蓝 |
| ISBN 978-7-5168-3939-3:CNY59.00 |
| 本书用历史资料和分析,为读者呈现真实的推恩令。从汉初的分封制到诸侯王的权力斗争,从文景之治的繁荣到七国之乱的动荡,书中一一梳理,层层剖析,让读者领略到古代政治斗争的复杂与精彩。 |
| ● |
| 相关链接 |
|
|
|
正题名:推恩令
索取号:D691/L693
 
预约/预借
| 序号 | 登录号 | 条形码 | 馆藏地/架位号 | 状态 | 备注 |
| 1 | 1631437 | 216314370 | 社科库509/509社科库 77排2列2层/ [索取号:D691/L693] | 在馆 |